000
00260nam a22001217a 4500
008
170623b xxu||||| |||| 00| 0 eng d
041
_a
eng
080
_a
93
100
_a
21
101
_a
shp
245
_a
RADICAL HISTORY REVIEW
_c
JACOBY, R
942
_2
udc
_c
BK
999
_c
19025
_d
19025